[Event "AUTO-ELITE-496"]
[Site "http://www.queenalice.com/game.php?id=731915"]
[Date "2010.2.14"]
[Round "1"]
[White "Panter"]
[Black "Mirok"]
[Result "1-0"]
[WhiteElo "2346"]
[BlackElo "2441"]

1. e4 c5 2. d4 cxd4 3. Qxd4 Nc6 4. Qd2 Nf6 5. Nc3 e5 6. Nf3 Bb4 7. Bd3 d5 8.
exd5 Nxd5 9. O-O f6 10. Bxh7 Be6 11. Bg6+ Kf8 12. Rb1 b6 13. Rd1 Nxc3 14. bxc3
Qxd2 15. Rxd2 Be7 16. a4 Rc8 17. Rd3 Na5 18. Ra1 Nc4 19. g3 Bc5 20. Nh4 Kg8 21.
Kg2 Rf8 22. Be4 Re8 23. Ng6 Rh5 24. a5 Nxa5 25. h4 Kf7 26. f3 Bf5 27. g4 Bxe4
28. fxe4 Kxg6 29. gxh5+ Kxh5 30. Rd7 Re7 31. Rxe7 Bxe7 32. Kh3 Bc5 33. Kg3 g6
34. Kf3 Nc6 35. Bd2 Na5 36. Be1 g5 37. hxg5 Kxg5 38. Bd2+ Kg6 39. Be3 Bxe3 40.
Kxe3 f5 41. Kd3 1-0

[Event "AUTO-ELITE-496"]
[Site "http://www.queenalice.com/game.php?id=731916"]
[Date "2010.2.14"]
[Round "1"]
[White "Mirok"]
[Black "Panter"]
[Result "1/2-1/2"]
[WhiteElo "2421"]
[BlackElo "2361"]

1. e4 e5 2. Nf3 Nf6 3. d4 Nxe4 4. Bd3 d5 5. dxe5 Be7 6. O-O O-O 7. Re1 Bc5 8.
Bxe4 dxe4 9. Qxd8 Rxd8 10. Bg5 Rd7 11. Nfd2 Bd4 12. e6 fxe6 13. c3 e3 14. Bxe3
Bxe3 15. Rxe3 b6 16. Re1 Bb7 17. Nb3 Nc6 18. N1d2 Rad8 19. Nf3 Rd6 20. Ng5 Bc8
21. Rac1 h6 22. Nf3 Bb7 23. h3 a5 24. Re3 Rd1+ 25. Kh2 a4 26. Rxd1 Rxd1 27. Nbd4
Nxd4 28. Nxd4 c5 29. Nxe6 Rd2 30. Kg3 Bd5 31. b3 a3 32. c4 Bc6 33. Nf4 Rxa2 34.
Re6 Bd7 35. Rxb6 Rb2 36. Nd5 a2 37. Ra6 Kh7 38. f3 Bf5 39. Nc3 Bb1 40. Kf4 Rxg2
41. Ne4 Re2 1/2-1/2

[Event "AUTO-ELITE-496"]
[Site "http://www.queenalice.com/game.php?id=731917"]
[Date "2010.2.14"]
[Round "1"]
[White "Panter"]
[Black "Vonkinho"]
[Result "1-0"]
[WhiteElo "2329"]
[BlackElo "2201"]

1. d4 Nf6 2. c4 g6 3. Nc3 d5 4. Bf4 c6 5. e3 Bg7 6. Nf3 O-O 7. Rc1 Bg4 8. h3
Bxf3 9. Qxf3 e6 10. Bd3 Nbd7 11. O-O Re8 12. Rfd1 dxc4 13. Bxc4 Nd5 14. Bg3 Qf6
15. Qe2 Nxc3 16. bxc3 e5 17. Rb1 b6 18. Ba6 Rad8 19. Bb7 h5 20. Qa6 c5 21. d5 h4
22. Bh2 Qd6 23. Qxa7 Re7 24. a4 c4 25. Bc6 Rb8 26. Qa6 1-0

[Event "AUTO-ELITE-496"]
[Site "http://www.queenalice.com/game.php?id=731918"]
[Date "2010.2.14"]
[Round "1"]
[White "Vonkinho"]
[Black "Panter"]
[Result "0-1"]
[WhiteElo "2188"]
[BlackElo "2337"]

1. d4 d5 2. c4 c6 3. Nf3 Nf6 4. Nc3 e6 5. Bg5 Nbd7 6. e3 Be7 7. Rc1 h6 8. Bh4
O-O 9. Bd3 dxc4 10. Bxc4 Nd5 11. Bxe7 Qxe7 12. O-O Nxc3 13. Rxc3 e5 14. dxe5
Nxe5 15. Nxe5 Qxe5 16. f4 Qe4 17. Bb3 Be6 18. Bc2 Qb4 19. Qe2 Rfd8 20. f5 Qxb2
21. Rxc6 Bxf5 22. Rc7 Rac8 23. Rb1 Qxa2 24. Rbxb7 Bxc2 25. Rxf7 Qa1+ 26. Rf1 Qc3
27. Qf3 Bd3 28. Rd1 Be4 0-1

[Event "QA-ANNIV-05"]
[Site "http://www.queenalice.com/game.php?id=759005"]
[Date "2010.4.10"]
[Round "4"]
[White "Panter"]
[Black "Elcid"]
[Result "1-0"]
[WhiteElo "2345"]
[BlackElo "1989"]

1. e4 c5 2. Nc3 Nc6 3. Nf3 g6 4. d4 cxd4 5. Nxd4 Bg7 6. Be3 Nf6 7. Bc4 O-O 8.
Bb3 d6 9. h3 Na5 10. O-O b6 11. Bg5 Nxb3 12. axb3 Bb7 13. Re1 h6 14. Bh4 a6 15.
Qd2 b5 16. Rad1 Nd7 17. e5 g5 18. Bg3 Nxe5 19. Nf5 Ng6 20. f4 Qd7 21. Nxg7 Kxg7
22. fxg5 hxg5 23. Qxg5 f6 24. Qh5 Rac8 25. Rd4 e5 26. Rg4 Qf7 27. Rf1 Bc6 28.
Bh4 f5 29. Be7 Rh8 30. Qg5 Bd7 31. Ne4 Rc6 32. Bf6+ Kf8 33. Bxh8 Nxh8 34. Qh6+
Ke8 35. Qxh8+ Ke7 36. Rg7 1-0

[Event "AUTO-ELITE-496"]
[Site "http://www.queenalice.com/game.php?id=798046"]
[Date "2010.7.3"]
[Round "2"]
[White "Pinocchio"]
[Black "Panter"]
[Result "0-1"]
[WhiteElo "2346"]
[BlackElo "2385"]

1. e4 c5 2. Nf3 d6 3. d4 cxd4 4. Nxd4 Nf6 5. Nc3 a6 6. Be2 e5 7. Nf3 Be7 8. O-O
O-O 9. Qd3 Be6 10. Be3 h6 11. Rad1 Nc6 12. a3 Re8 13. Nh4 Nxe4 14. Nxe4 d5 15.
Nf3 dxe4 16. Qxe4 Qc8 17. c3 Bf5 18. Qc4 b5 19. Qa2 Qc7 20. Nd2 Bd6 21. Rfe1 e4
22. Nf1 Be6 23. Qb1 f5 24. Bh5 Re7 25. Ng3 Rf8 26. Bb6 Qb8 27. Bd4 Nxd4 28. cxd4
Bd5 29. Rc1 Qb6 30. Ne2 g6 31. Bxg6 Rg7 32. Bh5 e3 33. f3 Qd8 34. Ng3 Rxg3 35.
hxg3 Bxg3 36. Qd3 Qh4 37. Qxe3 f4 38. Qe5 Qh2+ 39. Kf1 Bc4+ 40. Rxc4 Qh1+ 41.
Ke2 Qxe1+ 42. Kd3 Qd1+ 43. Ke4 Qe2+ 0-1

[Event "AUTO-ELITE-620"]
[Site "http://www.queenalice.com/game.php?id=827481"]
[Date "2010.9.3"]
[Round "1"]
[White "MSouza"]
[Black "Panter"]
[Result "1/2-1/2"]
[WhiteElo "2394"]
[BlackElo "2385"]

1. e4 e5 2. Nf3 Nc6 3. Bb5 a6 4. Bxc6 dxc6 5. O-O f6 6. d4 exd4 7. Nxd4 c5 8.
Ne2 Qxd1 9. Rxd1 Bd7 10. Nbc3 O-O-O 11. Be3 Re8 12. Rd2 Bc6 13. Rad1 b6 14. f3
Ne7 15. Ng3 g6 16. Bf4 Bg7 17. Nd5 Nxd5 18. exd5 Bd7 19. d6 c6 20. Kf2 f5 21. c3
h6 22. Rd3 Re6 23. b3 1/2-1/2

[Event "AUTO-ELITE-620"]
[Site "http://www.queenalice.com/game.php?id=827482"]
[Date "2010.9.3"]
[Round "1"]
[White "Panter"]
[Black "MSouza"]
[Result "1/2-1/2"]
[WhiteElo "2393"]
[BlackElo "2282"]

1. d4 Nf6 2. c4 e6 3. Nf3 d5 4. cxd5 exd5 5. Nc3 c6 6. Bg5 Be7 7. e3 Bf5 8. Bd3
Bxd3 9. Qxd3 Nbd7 10. O-O O-O 11. Bf4 Nh5 12. Rfe1 Nxf4 13. exf4 Bd6 14. g3 Nf6
15. Ne5 Re8 16. Re2 Qb6 17. Rb1 Re7 18. b4 Rae8 19. Kg2 a6 20. a3 h6 21. Rbe1
Qc7 22. Nd1 a5 23. Ne3 axb4 24. axb4 Bxb4 25. Rb1 Bd6 26. Nf5 Re6 27. Ra2 Bf8
28. Ra7 Rb8 29. Qb3 g6 30. Ne3 Re7 31. Rc1 Qd6 32. Rca1 Bg7 33. Qb2 h5 34. R1a3
h4 35. Rb3 Qc7 36. Rb6 c5 37. Rb5 cxd4 38. Qxd4 Qc8 39. gxh4 Nh5 40. Nxd5 Re8
41. Qc4 Bxe5 42. Qxc8 Nxf4+ 43. Nxf4 Rbxc8 1/2-1/2

[Event "AUTO-ELITE-620"]
[Site "http://www.queenalice.com/game.php?id=827487"]
[Date "2010.9.3"]
[Round "1"]
[White "Donidon"]
[Black "Panter"]
[Result "1/2-1/2"]
[WhiteElo "2279"]
[BlackElo "2380"]

1. e4 e6 2. d4 d5 3. Nc3 dxe4 4. Nxe4 Nd7 5. f4 Ngf6 6. Bd3 Nxe4 7. Bxe4 Nf6 8.
Bf3 Qd6 9. Ne2 Bd7 10. O-O O-O-O 11. c4 h5 12. Qb3 Bc6 13. Be3 Ng4 14. Bxc6 Qxc6
15. Rac1 Be7 16. h3 Nxe3 17. Qxe3 Bf6 18. Rfd1 Kb8 19. b4 a6 20. g3 g6 21. h4
Rd7 22. a3 Re8 23. Rd3 Red8 24. Rc2 Rd6 25. Rc1 Bh8 26. Qd2 Bf6 1/2-1/2

[Event "AUTO-ELITE-620"]
[Site "http://www.queenalice.com/game.php?id=827488"]
[Date "2010.9.3"]
[Round "1"]
[White "Panter"]
[Black "Donidon"]
[Result "1-0"]
[WhiteElo "2377"]
[BlackElo "2255"]

1. e4 e5 2. Nf3 Nc6 3. Bc4 Nf6 4. Ng5 d5 5. exd5 b5 6. dxc6 bxc4 7. Qe2 Qd5 8.
f4 Qxc6 9. fxe5 Bg4 10. Nf3 O-O-O 11. O-O Nd7 12. Nc3 Bc5+ 13. Kh1 Bb6 14. d4
Bxf3 15. Rxf3 Bxd4 16. Rf4 Bxe5 17. Rxc4 Qb7 18. Be3 Rhe8 19. Rd1 f5 20. a3 g6
21. Rb4 Nb6 22. Rxd8+ Kxd8 23. h3 Bd6 24. Qd3 Kc8 25. Rb3 Be5 26. Nb5 h5 27. a4
a5 28. Bg1 Re6 29. Qd2 Qe4 30. Qxa5 Kd7 31. Rd3+ Ke7 32. b3 Nd5 33. Qa8 Nf6 34.
Bc5+ Bd6 35. Qa7 Qe1+ 36. Bg1 Nd7 37. a5 Qe5 38. Nxd6 cxd6 39. a6 Qa1 40. Re3
Re5 41. Rxe5+ dxe5 42. Qb7 e4 43. a7 1-0

[Event "QA-ANNIV-05"]
[Site "http://www.queenalice.com/game.php?id=841363"]
[Date "2010.10.3"]
[Round "6"]
[White "Cthulhu"]
[Black "Panter"]
[Result "1-0"]
[WhiteElo "2617"]
[BlackElo "2396"]

1. d4 Nf6 2. c4 e6 3. Nc3 Bb4 4. e3 O-O 5. Bd3 d5 6. Nf3 c5 7. O-O Nc6 8. a3
Bxc3 9. bxc3 dxc4 10. Bxc4 Qc7 11. Bb2 e5 12. h3 Bf5 13. Qe2 e4 14. Nd2 Rac8 15.
Ba2 Rfd8 16. Rfd1 h6 17. Rac1 b6 18. Nf1 Qe7 19. Ng3 Bg6 20. Qf1 Nh5 21. Ne2 Qg5
22. c4 cxd4 23. exd4 Rd7 24. c5 Nf6 25. Bc3 Nd5 26. Bd2 Qf6 27. Bxd5 Rxd5 28.
Be3 bxc5 29. Nf4 Rd7 30. Rxc5 Rcd8 31. Qc4 Rd6 32. a4 Bf5 33. Ne2 Ne7 34. d5 Be6
35. Bd4 Bxd5 36. Rxd5 Rxd5 37. Bxf6 Rxd1+ 38. Kh2 gxf6 39. Qxe4 Ng6 40. Ng3 R1d5
41. Qf3 Kf8 42. Qxf6 R8d6 43. Qb2 a5 44. Qb8+ Rd8 45. Qc7 Ne7 46. Ne4 Ng8 47.
Nc3 R8d7 48. Qb8+ Rd8 49. Qb6 R8d6 50. Qa7 Rd7 51. Qa8+ Rd8 52. Qxd5 Rxd5 53.
Nxd5 Ke8 54. g4 Kd7 55. Nb6+ Kc6 56. Nc4 Kc5 57. Nxa5 Kb4 58. Nb7 Kxa4 59. Nd6
f6 60. Nf5 Kb5 61. Kg3 Kc6 62. Kh4 Kd5 63. Kh5 Ke4 64. Kg6 1-0

[Event "AUTO-ELITE-666"]
[Site "http://www.queenalice.com/game.php?id=862624"]
[Date "2010.11.22"]
[Round "1"]
[White "Panter"]
[Black "fred57"]
[Result "1/2-1/2"]
[WhiteElo "2380"]
[BlackElo "2606"]

1. e4 c5 2. Nf3 Nc6 3. d4 cxd4 4. Nxd4 e6 5. Nc3 Qc7 6. Be2 a6 7. O-O Nf6 8. Be3
Bb4 9. Na4 Be7 10. Nxc6 bxc6 11. Nb6 Rb8 12. Nxc8 Qxc8 13. e5 Nd5 14. Bc1 Bc5
15. c4 Ne7 16. b3 Qc7 17. Bb2 d6 18. exd6 Bxd6 19. g3 Be5 20. Bxe5 Qxe5 21. Re1
Qc5 22. Qd3 Rd8 23. Qc3 O-O 24. b4 Qa7 25. Rad1 c5 26. Qe3 Rc8 27. Bd3 Nc6 28.
bxc5 Na5 29. Qf4 Rxc5 30. Re5 g6 31. Rxc5 Qxc5 32. Bf1 Nc6 33. Qd6 Qxd6 34. Rxd6
Rc8 35. c5 a5 36. Rd2 Kf8 37. Bg2 Ke8 38. h3 Rc7 39. a3 Ne7 40. Rc2 Kd7 41. Rc1
Nd5 42. a4 Rc8 43. Bf1 Kc7 44. Bb5 Rd8 45. Kf1 Nf6 46. Rc4 Rd5 47. Ke2 Re5+ 48.
Kd3 Nd5 49. Rd4 g5 50. h4 h6 51. Be8 Rf5 52. Ke2 gxh4 53. gxh4 Kb7 54. Rc4 Kc7
55. Rd4 Kb7 56. Rc4 Kc7 57. Rd4 1/2-1/2

[Event "AUTO-ELITE-666"]
[Site "http://www.queenalice.com/game.php?id=862625"]
[Date "2010.11.22"]
[Round "1"]
[White "fred57"]
[Black "Panter"]
[Result "1-0"]
[WhiteElo "2602"]
[BlackElo "2386"]

1. d4 Nf6 2. c4 e6 3. Nc3 d5 4. Nf3 Be7 5. Bf4 O-O 6. e3 Nbd7 7. c5 Nh5 8. Bd3
Nxf4 9. exf4 c6 10. Qc2 h6 11. O-O Qc7 12. g3 b6 13. b4 a5 14. a3 Ba6 15. Kg2
Bxd3 16. Qxd3 Rfb8 17. Rfb1 Ra7 18. Re1 Bf6 19. Ne5 b5 20. Reb1 Nxe5 21. fxe5
Bd8 22. a4 axb4 23. Rxb4 Qe7 24. Rb2 Rba8 25. Rba2 b4 26. Ne2 f6 27. f4 f5 28.
Qc2 Rb8 29. Rb2 Ba5 30. Nc1 Qb7 31. Rab1 Qa6 32. Rb3 Rab7 33. Nd3 Kf7 34. Rc1
Kg6 35. Kg1 Bd8 36. g4 Kh7 37. gxf5 exf5 38. Nb2 g6 39. Kh1 Qa5 40. Rg1 Qa7 41.
Nd1 Rg7 42. Ne3 Kg8 43. Rb2 Ba5 44. Qd3 Kh8 45. Rbg2 Rbg8 46. Rg3 h5 47. Qe2 h4
48. Rg5 Bd8 49. Nxf5 Bxg5 50. Nxg7 Rxg7 51. Rxg5 Qxa4 52. f5 Qa1+ 53. Rg1 Qxd4
54. Rd1 Qc4 55. Qxc4 dxc4 56. f6 1-0

[Event "AUTO-ELITE-666"]
[Site "http://www.queenalice.com/game.php?id=862626"]
[Date "2010.11.22"]
[Round "1"]
[White "Panter"]
[Black "Thomas_A_Anderson"]
[Result "0-1"]
[WhiteElo "2401"]
[BlackElo "2573"]

1. d4 d5 2. Nf3 Nf6 3. c3 c5 4. Bf4 Nc6 5. e3 Qb6 6. Qb3 c4 7. Qc2 Bf5 8. Qc1 e6
9. Nbd2 h6 10. Be2 Be7 11. h3 O-O 12. O-O Rfc8 13. Rd1 Qd8 14. Ne5 b5 15. Bf3 b4
16. Re1 bxc3 17. bxc3 Nxe5 18. Bxe5 Bd3 19. a4 Ne4 20. Nxe4 dxe4 21. Bg4 Rc6 22.
Ra2 Rb6 23. Bg3 a5 24. Bf4 Ra7 25. Rb2 Rab7 26. Rxb6 Qxb6 27. Qa1 Qb3 28. Bd1
Qa3 29. Bh5 g6 0-1

[Event "AUTO-ELITE-666"]
[Site "http://www.queenalice.com/game.php?id=862627"]
[Date "2010.11.22"]
[Round "1"]
[White "Thomas_A_Anderson"]
[Black "Panter"]
[Result "1-0"]
[WhiteElo "2587"]
[BlackElo "2390"]

1. e4 e6 2. d4 d5 3. Nd2 Nf6 4. e5 Nfd7 5. c3 c5 6. Bd3 Nc6 7. Ngf3 g6 8. h4 h6
9. Bc2 Bg7 10. O-O O-O 11. Re1 cxd4 12. cxd4 f6 13. exf6 Qxf6 14. Qe2 e5 15. Bb3
Nxd4 16. Nxd4 exd4 17. Bxd5+ Kh8 18. Nf3 Nc5 19. Qc4 Qd6 20. Nxd4 Bd7 21. Be3
Rac8 22. Rad1 Na4 23. Qb3 Nc5 24. Qa3 Qxd5 25. Nf3 Qf5 26. Bxc5 Rxc5 27. Rxd7
Qxd7 28. Qxc5 b6 29. Qc2 Qf5 30. Re2 Qxc2 31. Rxc2 Re8 32. b3 Re7 33. Rc8+ Kh7
34. Kf1 Bb2 35. Nd2 Kg7 36. Rc6 b5 37. f3 Bf6 38. g3 Re3 39. Rc7+ Re7 40. Rc5
Rb7 41. Ne4 Be7 42. Rc6 Rd7 43. Ke2 Bd8 44. Rc5 b4 45. h5 Bb6 46. Re5 gxh5 47.
Rxh5 Rc7 48. Rd5 Rc2+ 49. Rd2 Rc1 50. f4 Rh1 51. Rd7+ Kf8 52. f5 Rh2+ 53. Kf3
Rxa2 54. f6 Ra3 55. Rd3 Ra5 56. g4 Ra1 57. Kf4 Rf1+ 58. Ke5 Ke8 59. Ke6 1-0

[Event "AUTO-ELITE-667"]
[Site "http://www.queenalice.com/game.php?id=862946"]
[Date "2010.11.23"]
[Round "1"]
[White "Panter"]
[Black "Chandra"]
[Result "0-1"]
[WhiteElo "2401"]
[BlackElo "2439"]

1. e4 c5 2. Nf3 d6 3. d4 cxd4 4. Nxd4 Nf6 5. Nc3 a6 6. Be2 e5 7. Nf3 Be7 8. O-O
O-O 9. Be3 Be6 10. Ng5 Bd7 11. Nf3 Bc6 12. Qd3 Ng4 13. a4 Nd7 14. a5 Qc7 15. Nd2
Nxe3 16. Qxe3 Rad8 17. Rfd1 Nf6 18. Nf3 h6 19. Re1 Rfe8 20. Bd3 Bf8 21. Qb6 Qxb6
22. axb6 Rc8 23. b3 d5 24. exd5 Bd7 25. Ne4 Nxd5 26. c4 Nf4 27. Bf1 f5 28. Nc3
e4 29. g3 exf3 30. gxf4 Bc6 31. Nd5 Bc5 32. Bd3 Rxe1+ 33. Rxe1 g6 34. h4 h5 35.
b4 Bxd5 36. bxc5 Bc6 37. Bc2 Kf7 38. Ra1 Ke7 39. Kf1 Be4 40. Bxe4 fxe4 41. Ke1
Kd7 42. Rd1+ Kc6 43. Rd6+ Kxc5 44. Rxg6 a5 45. Rg5+ Kxb6 46. Rb5+ Ka6 47. Kd2
Rxc4 48. Rxh5 a4 0-1

[Event "AUTO-ELITE-667"]
[Site "http://www.queenalice.com/game.php?id=862947"]
[Date "2010.11.23"]
[Round "1"]
[White "Chandra"]
[Black "Panter"]
[Result "1/2-1/2"]
[WhiteElo "2446"]
[BlackElo "2391"]

1. e4 e5 2. Nf3 Nc6 3. Bb5 a6 4. Bxc6 dxc6 5. O-O Qd6 6. d3 Nf6 7. b3 Bg4 8.
Nbd2 Qe6 9. Bb2 Bd6 10. h3 Bh5 11. Qe1 O-O 12. d4 Nd7 13. Nxe5 Nxe5 14. dxe5
Bxe5 15. Bxe5 Qxe5 16. g4 Bg6 17. f4 Qd4+ 18. Qf2 Qxf2+ 19. Rxf2 f6 20. Re1 Rad8
21. Kg2 Rfe8 22. Rfe2 Bf7 23. Nf3 g6 24. Kg3 Kg7 25. h4 h6 26. f5 Rd6 27. Kf4 b6
28. c4 b5 29. fxg6 Bxg6 30. h5 Bh7 31. e5 fxe5+ 32. Rxe5 Rf8+ 33. Kg3 bxc4 34.
bxc4 Bg8 35. Re7+ Rf7 36. R1e3 Rxe7 37. Rxe7+ Kf8 38. Rxc7 Bxc4 39. a4 Bd5 40.
Ne5 Ke8 41. g5 hxg5 42. Kg4 Bb3 43. Kxg5 Bxa4 44. h6 Bc2 45. h7 Bxh7 46. Rxh7 c5
47. Kf5 c4 48. Nxc4 Rd7 49. Rh8+ Ke7 1/2-1/2

[Event "AUTO-ELITE-667"]
[Site "http://www.queenalice.com/game.php?id=862948"]
[Date "2010.11.23"]
[Round "1"]
[White "Panter"]
[Black "pony"]
[Result "1-0"]
[WhiteElo "2394"]
[BlackElo "2217"]

1. e4 c5 2. Nf3 Nc6 3. d4 cxd4 4. Nxd4 g6 5. Nc3 Bg7 6. Be3 Nf6 7. Bc4 O-O 8.
Bb3 d6 9. f3 Bd7 10. Qd2 Nxd4 11. Bxd4 b5 12. a4 bxa4 13. Bxa4 Bxa4 14. Rxa4 Qc7
15. O-O Rfb8 16. b3 Rc8 17. Rfa1 e5 18. Rc4 Qb7 19. Rxa7 Rxa7 20. Rxc8+ Qxc8 21.
Bxa7 Qa6 22. Be3 h5 23. b4 Bf8 24. b5 Qb7 25. Nd5 1-0

[Event "AUTO-ELITE-667"]
[Site "http://www.queenalice.com/game.php?id=862949"]
[Date "2010.11.23"]
[Round "1"]
[White "pony"]
[Black "Panter"]
[Result "0-1"]
[WhiteElo "2205"]
[BlackElo "2393"]

1. e4 c5 2. Nf3 d6 3. Nc3 g6 4. d4 cxd4 5. Qxd4 Nf6 6. e5 Nc6 7. Bb5 dxe5 8.
Bxc6+ bxc6 9. Qxd8+ Kxd8 10. Nxe5 Ke8 11. O-O Nd5 12. Ne4 Nb4 13. Bd2 Nxc2 14.
Rac1 Nd4 15. Rfe1 Bg7 16. Nxc6 Nxc6 17. Rxc6 Bxb2 18. Bh6 Bf5 19. Rc2 Be5 20.
Rc5 f6 21. Ng3 Rc8 22. Be3 Kf7 23. Nxf5 gxf5 24. g3 Rxc5 25. Bxc5 a6 26. f4 Rc8
27. Bf2 Bd6 28. Re2 e5 29. Rd2 Ke6 30. Rb2 a5 31. Rb6 Rc1+ 32. Kg2 Rc2 33. a4
Kd5 0-1

[Event "QA-ANNIV-05"]
[Site "http://www.queenalice.com/game.php?id=885937"]
[Date "2011.1.13"]
[Round "7"]
[White "Panter"]
[Black "plexus"]
[Result "0-1"]
[WhiteElo "2399"]
[BlackElo "2589"]

1. e4 c5 2. Nf3 Nc6 3. Nc3 g6 4. d4 cxd4 5. Nxd4 Bg7 6. Be3 Nf6 7. f3 O-O 8. Qd2
d5 9. O-O-O Nxd4 10. Qxd4 Nxe4 11. Qxd5 Nd6 12. Qb3 Be6 13. Nd5 Qd7 14. Kb1 Rfd8
15. g4 b5 16. Be2 a5 17. Bg5 h6 18. Bf4 a4 19. Qb4 a3 20. Bxd6 axb2 21. Bxe7
Bxd5 22. Bxd8 Bxa2# 0-1

[Event "QA-ANNIV-05"]
[Site "http://www.queenalice.com/game.php?id=921195"]
[Date "2011.4.3"]
[Round "8"]
[White "Buuuu"]
[Black "Panter"]
[Result "0-1"]
[WhiteElo "2053"]
[BlackElo "2384"]

1. e4 e5 2. Nf3 Nc6 3. Nc3 Nf6 4. Bb5 Bb4 5. O-O O-O 6. d3 d6 7. Bg5 Bxc3 8.
bxc3 h6 9. Bh4 Bd7 10. d4 a6 11. Bxc6 Bxc6 12. Re1 Re8 13. Bxf6 Qxf6 14. Qd3 b5
15. d5 Bd7 16. h3 Rac8 17. Red1 c6 18. c4 cxd5 19. cxd5 Rc5 20. Nd2 Rec8 21.
Rac1 Rc3 22. Qf1 Qg5 23. Kh1 Rxc2 24. Rxc2 Rxc2 25. Nf3 Qf4 26. a4 bxa4 27. Qxa6
Rxf2 28. Qxd6 Qg3 29. Rg1 Bxh3 30. Ne1 Bxg2+ 0-1

[Event "QA-ANNIV-05"]
[Site "http://www.queenalice.com/game.php?id=953538"]
[Date "2011.6.24"]
[Round "9"]
[White "Panter"]
[Black "PowerGuido"]
[Result "1/2-1/2"]
[WhiteElo "2387"]
[BlackElo "2517"]

1. e4 c6 2. d4 d5 3. Nc3 dxe4 4. Nxe4 Bf5 5. Ng3 Bg6 6. Bc4 Nf6 7. Nf3 e6 8. h4
h6 9. Ne5 Bh7 10. Qe2 Nd5 11. Qf3 Qf6 12. Qb3 Nb4 13. O-O b5 14. Nh5 Qe7 15. Bd3
Nxd3 16. cxd3 f6 17. Nf3 Kf7 18. Re1 Bf5 19. Ng3 Bg4 20. Nh2 Qb4 21. Bf4 Qxb3
22. axb3 Bf5 23. Bxb8 Bb4 24. Nxf5 exf5 25. Bf4 Bxe1 26. Rxe1 g5 27. Be3 f4 28.
Bd2 Rhe8 29. Rc1 Re2 30. Rc2 Re6 31. Ba5 1/2-1/2